000 00675nam a2200217Ia 4500
003 CO-CtgCURN
005 20250409210224.0
008 190726s9999 xx 000 0 und d
020 _a9788496707146
040 _aCO-CtgCURN
_bspa
_ccoctgcurn
082 _a843
_bP515n
100 _aPeyrefitte, Roger
245 0 _aLa naturaleza del principe /
_cRoger Peyrefitte
260 _aEspaña :
_bNavoa,
_c2007
300 _a158 páginas ;
_c23 centímetros
521 _aAREA BASICA
590 _aTodos los programas acádemicos
650 _aLiteratura francesa
942 _cBK
_h843
_iP515n
999 _c30355
_d30355